[Event "TCh-TUR Super League 2015"]
[Site "Kocaeli TUR"]
[Date "2015.08.04"]
[Round "1.4"]
[Board "5"]
[White "Yildiz, Betul Cemre"]
[Black "Kaplan, Ebru"]
[Result "1-0"]
[WhiteTitle "WGM"]
[WhiteElo "2345"]
[BlackElo "1902"]
[WhiteTeam "Turk Hava Yollari (Thy) Sports Club"]
[BlackTeam "Tarsus Zeka Satranc Kulubu"]
[WhiteFideId "6302920"]
[BlackFideId "6315194"]
[EventDate "2015.08.04"]

1. e4 e5 2. Nf3 Nc6 3. Bb5 a6 4. Bxc6 dxc6 5. O-O Bg4 6. h3 Bxf3 7. Qxf3 Qd7 8.
d3 Bd6 9. Nd2 O-O-O 10. Nc4 f6 11. Bd2 g5 12. b4 h5 13. Qe3 Kb8 14. a4 g4 15. h4
Ne7 16. b5 f5 17. exf5 Nxf5 18. Qe4 Nxh4 19. bxc6 bxc6 20. Na5 Rdg8 21. Nxc6+
Kc8 22. Nxe5 Nf3+ 23. Nxf3 Qg7 24. Qe6+ 1-0

[Event "TCh-TUR Super League 2015"]
[Site "Kocaeli TUR"]
[Date "2015.08.04"]
[Round "1.4"]
[Board "6"]
[White "Komut, Burak"]
[Black "Baglan, Esat"]
[Result "1/2-1/2"]
[BlackTitle "FM"]
[WhiteElo "2007"]
[BlackElo "2280"]
[WhiteTeam "Tarsus Zeka Satranc Kulubu"]
[BlackTeam "Turk Hava Yollari (Thy) Sports Club"]
[WhiteFideId "6309984"]
[BlackFideId "6309216"]
[EventDate "2015.08.04"]

1. d4 d5 2. c4 c6 3. Nf3 Nf6 4. e3 Bf5 5. Nc3 e6 6. Be2 Nbd7 7. Nh4 Be4 8. f3
Bg6 9. O-O Bd6 10. Bd2 Ng4 11. fxg4 Qxh4 12. h3 Qg3 13. Bf3 Bd3 14. Ne2 Bxe2 15.
Bxe2 Qh2+ 16. Kf2 Bg3+ 17. Kf3 e5 18. cxd5 cxd5 19. e4 Bf4 20. Bb5 Qg3+ 21. Ke2
Qxg2+ 22. Rf2 Qxe4+ 23. Kf1 Qh1+ 24. Ke2 Qe4+ 25. Kf1 Qh1+ 26. Ke2 Qe4+ 1/2-1/2

[Event "TCh-TUR Super League 2015"]
[Site "Kocaeli TUR"]
[Date "2015.08.04"]
[Round "1.4"]
[Board "7"]
[White "Eren, Ataberk"]
[Black "Sevgi, Volkan"]
[Result "0-1"]
[BlackTitle "FM"]
[WhiteElo "1997"]
[BlackElo "2263"]
[WhiteTeam "Turk Hava Yollari (Thy) Sports Club"]
[BlackTeam "Tarsus Zeka Satranc Kulubu"]
[WhiteFideId "6349765"]
[BlackFideId "6325335"]
[EventDate "2015.08.04"]

1. e4 c6 2. d4 d5 3. e5 g6 4. Nf3 Bg7 5. c4 Nh6 6. Nc3 dxc4 7. Bxc4 O-O 8. h3 b5
9. Bb3 a5 10. a3 a4 11. Ba2 Na6 12. Bg5 Kh8 13. Qd2 Ng8 14. h4 h5 15. Bf4 Bf5
16. Ng5 Qe8 17. Ne2 Rd8 18. Ng3 e6 19. Qa5 Ra8 20. Qc3 Rb8 21. Rc1 c5 22. Nxf5
exf5 23. O-O Rc8 24. d5 c4 25. Qa5 Nc5 26. e6 fxe6 27. dxe6 Nd3 28. Nf7+ Rxf7
29. exf7 Qxf7 30. Qxb5 Nxf4 31. Rxc4 Ne2+ 32. Kh1 Re8 33. Rc7 Re4 34. Qxe2 Qxc7
35. Qb5 Qe7 0-1

[Event "TCh-TUR Super League 2015"]
[Site "Kocaeli TUR"]
[Date "2015.08.04"]
[Round "1.4"]
[Board "8"]
[White "Okuyaz, Duru"]
[Black "Dogan, Sevval"]
[Result "1/2-1/2"]
[WhiteTitle "WCM"]
[WhiteElo "1919"]
[BlackElo "1737"]
[WhiteTeam "Tarsus Zeka Satranc Kulubu"]
[BlackTeam "Turk Hava Yollari (Thy) Sports Club"]
[WhiteFideId "6346022"]
[BlackFideId "6322565"]
[EventDate "2015.08.04"]

1. e4 c5 2. Nf3 Nc6 3. d4 cxd4 4. Nxd4 Nf6 5. Nc3 d6 6. Bc4 e6 7. Be3 a6 8. O-O
Be7 9. Bb3 Qc7 10. a4 Na5 11. Qe2 Bd7 12. f4 Nxb3 13. cxb3 b6 14. b4 e5 15. Nf5
Bxf5 16. exf5 d5 17. fxe5 Qxe5 18. Bxb6 Qxe2 19. Nxe2 Rb8 20. a5 Bxb4 21. Rac1
O-O 22. Rc7 Bd6 23. Rc6 Be5 24. b4 Rfe8 25. Bc5 Ra8 26. Nf4 Rec8 27. Rxc8+ Rxc8
28. Nd3 Bc3 29. Rd1 Ne4 30. h4 Nxc5 31. Nxc5 Bxb4 32. Nxa6 Bxa5 33. Rxd5 Bb6+ 1/2-1/2

[Event "TCh-TUR Super League 2015"]
[Site "Kocaeli TUR"]
[Date "2015.08.04"]
[Round "1.5"]
[Board "2"]
[White "Annaberdiyev, Babageldi"]
[Black "Benidze, Davit"]
[Result "1/2-1/2"]
[WhiteTitle "FM"]
[BlackTitle "GM"]
[WhiteElo "2234"]
[BlackElo "2469"]
[WhiteTeam "Akdeniz Belediyesi Sports Club"]
[BlackTeam "Kahramanmaras Buyuksehir Belediye Sports Club"]
[WhiteFideId "14000385"]
[BlackFideId "13603086"]
[EventDate "2015.08.04"]

1. Nf3 Nf6 2. g3 d5 3. Bg2 c5 4. O-O Nc6 5. d4 e6 6. b3 cxd4 7. Nxd4 Bc5 8. Bb2
O-O 9. e3 Nxd4 10. exd4 Be7 11. Nd2 b6 12. Nf3 Ba6 13. Re1 Rc8 14. Ne5 Bd6 15.
Rc1 Qe7 16. c4 Bb7 17. Ng4 Nxg4 18. Qxg4 Ba3 19. Bxa3 Qxa3 20. Rc2 Rc7 21. Rec1
Rfc8 22. Qd1 Qb4 23. h4 Qa3 24. cxd5 Qxc1 25. Qxc1 Rxc2 26. Qa3 Bxd5 27. Bxd5
exd5 28. Qxa7 Rb2 29. Qb7 Rf8 30. Qxb6 Rxa2 31. Qc6 Rb2 32. Qxd5 Rb8 33. Qd7
R2xb3 34. d5 R3b7 35. Qd6 Rc8 36. Kg2 Ra7 37. Kf3 h6 38. Kg2 Raa8 39. Qe7 Re8
40. Qc7 Rac8 41. Qb6 Rcd8 42. d6 Rd7 43. Qc6 Red8 44. Qb6 Rxd6 45. Qc7 h5 46.
Qa5 g6 47. Qc7 Rd5 48. Qb6 Rd2 49. Qa5 R8d5 50. Qa8+ Kh7 51. Kh3 Rf5 52. f4 Re2
53. Qa7 Rf6 54. Qc7 Re3 55. Qa7 Rd3 56. Qc7 Rf5 57. Qc4 Rd8 58. Qb3 Kg8 59. Qb6
Rf8 60. Qb2 Rd5 61. Qb3 Rfd8 62. Qb6 R8d7 63. Qc6 R5d6 64. Qc8+ Rd8 65. Qc7 R6d7
66. Qb6 Rd6 67. Qc7 R8d7 68. Qc8+ Kg7 69. Qc3+ Rd4 70. Qb2 Kh7 71. Qb5 Rd3 72.
f5 R3d6 73. fxg6+ fxg6 74. Qe5 Rb6 75. Qe8 Ra7 76. Qe3 Rba6 77. Qe8 Ra1 78. Qe5
Rf1 79. Qe4 Rff7 80. Qe2 Rae7 81. Qd2 Rf3 82. Qd6 Ree3 83. Qc7+ Kg8 84. Qb8+ Kg7
85. Qc7+ Rf7 86. Qc2 Rfe7 87. Qb2+ Kh7 88. Qf6 Re2 89. Qf8 R2e6 90. Qf2 1/2-1/2

[Event "TCh-TUR Super League 2015"]
[Site "Kocaeli TUR"]
[Date "2015.08.04"]
[Round "1.5"]
[Board "3"]
[White "Soysal, Serkan"]
[Black "Dogan, Nazmi Can"]
[Result "1-0"]
[WhiteTitle "FM"]
[WhiteElo "2293"]
[BlackElo "2213"]
[WhiteTeam "Kahramanmaras Buyuksehir Belediye Sports Club"]
[BlackTeam "Akdeniz Belediyesi Sports Club"]
[WhiteFideId "6349250"]
[BlackFideId "6309658"]
[EventDate "2015.08.04"]

1. d4 Nf6 2. c4 g6 3. Nc3 Bg7 4. e4 d6 5. Nf3 O-O 6. Be2 e5 7. d5 a5 8. Bg5 h6
9. Be3 Ng4 10. Bd2 f5 11. h3 Nf6 12. exf5 gxf5 13. Qc1 f4 14. g3 e4 15. Nh4 e3
16. fxe3 fxg3 17. Ng6 Rf7 18. Qc2 Na6 19. O-O-O Nc5 20. Rhg1 Nfe4 21. Nxe4 Bf5
22. Bf3 Qe8 23. Rxg3 Nxe4 24. Bxe4 Bxe4 25. Qb3 Ra6 26. Nf4 Kh7 27. Bc3 Be5 28.
Rdg1 a4 29. Qa3 b5 30. Qb4 a3 31. cxb5 c5 1-0

[Event "TCh-TUR Super League 2015"]
[Site "Kocaeli TUR"]
[Date "2015.08.04"]
[Round "1.5"]
[Board "4"]
[White "Kilic, Ihsan"]
[Black "Isik, Engin Yasar"]
[Result "1-0"]
[WhiteElo "2025"]
[BlackElo "2188"]
[WhiteTeam "Akdeniz Belediyesi Sports Club"]
[BlackTeam "Kahramanmaras Buyuksehir Belediye Sports Club"]
[WhiteFideId "6305334"]
[BlackFideId "6301886"]
[EventDate "2015.08.04"]

1. d4 d5 2. Nf3 Nf6 3. Nbd2 g6 4. g3 Bg7 5. Bg2 O-O 6. O-O a5 7. c4 dxc4 8. Nxc4
b5 9. Na3 Ba6 10. Ne5 Ra7 11. f4 Bb7 12. Be3 Bxg2 13. Kxg2 Qd5+ 14. Rf3 Rd8 15.
Qd3 c6 16. Qc2 Ne8 17. Nb1 b4 18. Nd2 f6 19. Nd3 Nd6 20. Bf2 f5 21. Ne5 Nb5 22.
Ndc4 Ra6 23. Rd1 Nd7 24. Ne3 Qxa2 25. Nxc6 Rxc6 26. Qxc6 Nxd4 27. Qc7 Ne6 28.
Qa7 Qa4 29. b3 Qc6 30. Qxa5 Rb8 31. Nd5 Kf7 32. Nxb4 Qb7 33. Nd5 Bf6 34. Qa7 Qb5
35. Qa4 Qb7 36. b4 g5 37. Kg1 Rg8 38. Qb3 Bh8 39. fxg5 Rxg5 40. Nf4 Nf8 41. Re3
Qc8 42. b5 h5 43. b6 h4 44. b7 Qc6 45. Rxe6 1-0

[Event "TCh-TUR Super League 2015"]
[Site "Kocaeli TUR"]
[Date "2015.08.04"]
[Round "1.5"]
[Board "5"]
[White "Isgandarova, Khayala"]
[Black "Yordanova, Svetla"]
[Result "0-1"]
[WhiteTitle "WIM"]
[BlackTitle "WIM"]
[WhiteElo "2245"]
[BlackElo "2131"]
[WhiteTeam "Kahramanmaras Buyuksehir Belediye Sports Club"]
[BlackTeam "Akdeniz Belediyesi Sports Club"]
[WhiteFideId "13401823"]
[BlackFideId "2905108"]
[EventDate "2015.08.04"]

1. e4 e6 2. d3 d5 3. Nd2 c5 4. g3 Nc6 5. Bg2 Nf6 6. Ngf3 Be7 7. O-O b6 8. Re1
Bb7 9. exd5 Nxd5 10. Ne4 O-O 11. b3 Qc7 12. Bb2 Rad8 13. a3 Qb8 14. Qc1 f6 15.
Bh3 Bc8 16. Nc3 e5 17. Bg2 Nxc3 18. Bxc3 Bb7 19. Qb2 Rfe8 20. Nh4 Bf8 21. b4 Kh8
22. Qb3 Nd4 23. Bxd4 cxd4 24. Qf7 Bxg2 25. Kxg2 Re7 26. Qh5 Qb7+ 27. Kg1 Kg8 28.
Nf5 Rc7 29. Qe2 Qc8 30. Qg4 g6 31. f4 Qxf5 32. Qxf5 gxf5 33. fxe5 Bh6 34. exf6
Be3+ 35. Kg2 Rxc2+ 0-1

[Event "TCh-TUR Super League 2015"]
[Site "Kocaeli TUR"]
[Date "2015.08.04"]
[Round "1.5"]
[Board "6"]
[White "Ozer, Omer Faruk"]
[Black "Yaran, Siar"]
[Result "0-1"]
[BlackTitle "CM"]
[WhiteElo "2067"]
[BlackElo "2179"]
[WhiteTeam "Akdeniz Belediyesi Sports Club"]
[BlackTeam "Kahramanmaras Buyuksehir Belediye Sports Club"]
[WhiteFideId "6354564"]
[BlackFideId "6323006"]
[EventDate "2015.08.04"]

1. e4 e5 2. Nc3 Nf6 3. g3 Nc6 4. Bg2 Bc5 5. d3 O-O 6. h3 a6 7. Nge2 d6 8. O-O
Be6 9. Kh2 d5 10. exd5 Nxd5 11. f4 exf4 12. Nxf4 Nxf4 13. Bxf4 Qd7 14. Qh5 Be7
15. Rae1 Rae8 16. Nd5 Bxd5 17. Qxd5 Bd6 18. Bxd6 cxd6 19. c3 Re7 20. Re4 Rxe4
21. Bxe4 g6 22. Rf6 Rd8 23. g4 Qe7 24. Rf2 Kg7 25. Kg2 Rd7 26. b4 Qe5 27. d4
Qxd5 28. Bxd5 Re7 29. a4 Nd8 30. a5 Ne6 31. h4 Nc7 32. Bxb7 Re3 33. Rf3 Re2+ 34.
Kg3 f6 35. g5 f5 36. c4 Rd2 37. Re3 Kf7 38. d5 Rb2 39. c5 f4+ 40. Kxf4 Rxb4+ 41.
Re4 Rxb7 42. cxd6 Nxd5+ 43. Ke5 Rb5 44. Kd4 Nb4 45. Re7+ Kf8 46. Rxh7 Nc6+ 47.
Ke4 Re5+ 48. Kf4 Rd5 49. d7 Kg8 50. Rh6 Kg7 51. h5 Ne7 52. hxg6 Nxg6+ 53. Ke4
Rxd7 54. Rh1 Re7+ 55. Kd4 Re5 56. Rb1 Rxg5 57. Rb7+ Kh6 58. Rc7 Rxa5 59. Rc5
Ra4+ 60. Kc3 Nf4 61. Kb3 Ra1 62. Rf5 Ne2 63. Rd5 Kg6 64. Rd2 Nf4 65. Kb2 Ra5 66.
Kb3 Kf5 67. Rd6 Ke5 68. Rh6 Ke4 69. Kb4 Ra1 70. Kb3 Nd5 71. Rh4+ Kd3 72. Rh3+
Kd4 73. Kb2 Ra5 74. Rh4+ Kc5 75. Rh5 Ra4 76. Kb3 Rb4+ 77. Ka3 a5 78. Rg5 Rd4 79.
Rh5 Kb5 80. Rg5 Rd3+ 81. Kb2 Kc4 82. Rg4+ Kb5 83. Rg5 Ka4 84. Rg4+ Nb4 85. Rg5
Rd2+ 86. Kc1 Re2 87. Kb1 Rd2 88. Kc1 Rd5 89. Rg4 Kb3 90. Rg1 Na2+ 91. Kb1 Nc3+
92. Ka1 Rd2 0-1

[Event "TCh-TUR Super League 2015"]
[Site "Kocaeli TUR"]
[Date "2015.08.04"]
[Round "1.5"]
[Board "7"]
[White "Karaoglan, Kivanc"]
[Black "Acar, Utku Cengiz"]
[Result "1-0"]
[WhiteElo "1981"]
[BlackElo "1930"]
[WhiteTeam "Kahramanmaras Buyuksehir Belediye Sports Club"]
[BlackTeam "Akdeniz Belediyesi Sports Club"]
[WhiteFideId "6329152"]
[BlackFideId "6358900"]
[EventDate "2015.08.04"]

1. d4 Nf6 2. c4 g6 3. Nf3 Bg7 4. g3 O-O 5. Bg2 d6 6. O-O Nc6 7. Nc3 e5 8. dxe5
Nxe5 9. Nxe5 dxe5 10. Qxd8 Rxd8 11. Bg5 Re8 12. Nb5 Re7 13. Rad1 Be6 14. Bxb7
Rb8 15. b3 Rxb7 16. Rd8+ Re8 17. Bxf6 Rxd8 18. Bxd8 c6 19. Nc7 Bc8 20. Rd1 Bf8
21. Ne8 f5 22. Bc7 e4 23. Rd8 Be6 24. Bd6 Be7 25. Bxe7 Rxe7 26. Nc7+ Kf7 27.
Nxe6 Kxe6 28. e3 g5 29. Kf1 f4 30. gxf4 gxf4 31. exf4 Rf7 32. Re8+ Kf5 33. Ke2
Kxf4 34. Re6 Rc7 35. Rh6 Kg5 36. Rd6 Kf4 37. c5 Ke5 38. Ke3 Rf7 39. Rxc6 Rf3+
40. Ke2 Rc3 41. Rc7 Rc2+ 42. Ke3 Rxa2 43. Rxh7 Rb2 44. Rh5+ Ke6 45. Kxe4 Rxb3
46. Rh6+ Kd7 47. Rh7+ Kc6 48. Rxa7 Rh3 49. f4 Rxh2 50. Ke5 Kxc5 51. Rc7+ Kb6 52.
Rc3 Rf2 53. f5 Re2+ 54. Kf6 Rf2 55. Ke6 Re2+ 56. Kf7 Rf2 57. f6 Rf1 58. Ke7 Re1+
59. Kf8 Rf1 60. f7 Rf2 61. Re3 1-0

[Event "TCh-TUR Super League 2015"]
[Site "Kocaeli TUR"]
[Date "2015.08.04"]
[Round "1.5"]
[Board "8"]
[White "Temel, Burcu Melis"]
[Black "Ayan, Bengu Sena"]
[Result "1-0"]
[WhiteTitle "WCM"]
[WhiteElo "1878"]
[BlackElo "1693"]
[WhiteTeam "Akdeniz Belediyesi Sports Club"]
[BlackTeam "Kahramanmaras Buyuksehir Belediye Sports Club"]
[WhiteFideId "6345492"]
[BlackFideId "6346120"]
[EventDate "2015.08.04"]

1. e4 e6 2. d4 d5 3. Nd2 Nf6 4. Bd3 dxe4 5. Nxe4 h6 6. Nf3 Nbd7 7. Nxf6+ Qxf6 8.
O-O c5 9. c3 Be7 10. Qe2 cxd4 11. cxd4 Bd6 12. Re1 Bb4 13. Bd2 Bxd2 14. Qxd2 O-O
15. Rac1 Nb6 16. Be4 Rb8 17. Qa5 Qd8 18. Rc5 a6 19. Rec1 Nd5 20. Bxd5 b6 21. Qb4
exd5 22. Rc7 Be6 23. Ne5 Qg5 24. R1c3 Rfc8 25. Qa4 Rxc7 26. Rxc7 Bh3 27. g3 Qf5
28. Qc2 Qxc2 29. Rxc2 Rc8 30. Rxc8+ Bxc8 31. f3 Bf5 32. Nc6 Kf8 33. Nb4 a5 34.
Nxd5 Be6 35. Nc3 Ke7 36. d5 Bd7 37. Kf2 Kd6 38. Ke3 b5 39. Kd4 f5 40. a3 b4 41.
axb4 axb4 42. Na2 b3 43. Nc1 Be8 44. Nxb3 Bf7 45. Nd2 Bxd5 46. b4 Ba8 47. b5 g5
48. Nc4+ Kc7 49. f4 gxf4 50. gxf4 Be4 51. Kc5 Bc2 52. b6+ Kb8 53. Nd6 h5 54. h4
Bb1 55. Kc6 Bc2 56. Kc5 Bb1 57. Ne8 Be4 58. Ng7 Bf3 59. Nxf5 Kc8 60. Ne7+ Kb7
61. f5 Bg4 62. Kd6 Bd1 63. f6 Bb3 64. Nd5 1-0

[Event "TCh-TUR Super League 2015"]
[Site "Kocaeli TUR"]
[Date "2015.08.04"]
[Round "1.6"]
[Board "2"]
[White "Esen, Baris"]
[Black "Haznedaroglu, Kivanc"]
[Result "1/2-1/2"]
[WhiteTitle "GM"]
[BlackTitle "GM"]
[WhiteElo "2567"]
[BlackElo "2451"]
[WhiteTeam "Deniz Su Aquamatch Satranc Genclik Ve Sports Club"]
[BlackTeam "T.S Alyans Satranc Sports Club"]
[WhiteFideId "6302114"]
[BlackFideId "6300634"]
[EventDate "2015.08.04"]

1. d4 Nf6 2. c4 e6 3. Nf3 d5 4. Nc3 c5 5. cxd5 Nxd5 6. e4 Nxc3 7. bxc3 cxd4 8.
cxd4 Nc6 9. Be2 Bb4+ 10. Bd2 Bxd2+ 11. Qxd2 O-O 12. Rc1 Qd6 13. O-O Rd8 14. Rfd1
Bd7 15. h4 Rac8 16. h5 h6 17. Qe3 Be8 18. d5 exd5 19. exd5 Ne7 20. Qxa7 Rxc1 21.
Rxc1 b6 22. Bc4 Nxd5 23. Re1 Qc7 24. Qxc7 Nxc7 25. Re7 Rc8 26. Re3 Kf8 27. Ne5
f6 28. Ng6+ Bxg6 29. hxg6 Re8 30. Rc3 Ke7 31. Bf7 Rc8 32. Rc6 b5 33. Kh2 Kd7 34.
Rc3 Ra8 35. Rd3+ Ke7 36. Kg3 Ra4 37. f4 Re4 38. Kf3 Re1 39. Kf2 Re4 40. Kf3 Re1
41. Rc3 Kd6 42. Kg4 Re2 43. g3 Rh2 44. Rd3+ Ke7 45. Bb3 h5+ 46. Kf3 h4 47. gxh4
Rxh4 48. Rd1 Rh6 49. Bf7 Rh3+ 50. Kg4 Rh2 51. Kg3 Rh5 52. Bb3 Rh6 53. Bc2 Rh5
54. Kg4 Rd5 55. Re1+ Kd6 56. Bb3 Rd2 57. Rh1 Ne6 58. Bxe6 Kxe6 59. f5+ Ke5 60.
Re1+ Kd6 61. Re6+ Kc7 62. Kf3 Rxa2 63. Re7+ Kd6 64. Rxg7 Ke5 65. Rb7 Kxf5 66. g7
Ra8 67. Rxb5+ Kg6 68. Kf4 Ra4+ 69. Kf3 Kxg7 70. Rc5 Kg6 71. Rb5 f5 72. Rb8 Rc4 1/2-1/2

[Event "TCh-TUR Super League 2015"]
[Site "Kocaeli TUR"]
[Date "2015.08.04"]
[Round "1.6"]
[Board "3"]
[White "Soylu, Suat"]
[Black "Firat, Burak"]
[Result "1-0"]
[WhiteTitle "IM"]
[BlackTitle "IM"]
[WhiteElo "2377"]
[BlackElo "2470"]
[WhiteTeam "T.S Alyans Satranc Sports Club"]
[BlackTeam "Deniz Su Aquamatch Satranc Genclik Ve Sports Club"]
[WhiteFideId "6300065"]
[BlackFideId "6305881"]
[EventDate "2015.08.04"]

1. e4 c5 2. Nf3 e6 3. g3 Nc6 4. Bg2 Nf6 5. Qe2 e5 6. O-O Be7 7. Nc3 O-O 8. Nd5
Nxd5 9. exd5 Nd4 10. Nxd4 exd4 11. Re1 Bf6 12. d6 Qb6 13. Qc4 Qxd6 14. d3 Qb6
15. Bd5 Qd8 16. Qxc5 d6 17. Qc4 Bd7 18. Bf4 Qa5 19. Bxd6 Rac8 20. Qb3 Rfd8 21.
Bxf7+ Kh8 22. Be7 Bxe7 23. Rxe7 Bc6 24. Rae1 Qf5 25. f4 Qg4 26. Rf1 Rd6 27. Qb4
Qh3 28. Qd2 Rf8 29. Qe2 Rd7 30. Rxd7 Qxd7 31. Bh5 Qd5 32. Bf3 Qxa2 33. Bxc6 bxc6
34. b3 h6 35. Qe7 Rf6 36. Rf2 Qa1+ 37. Kg2 a5 38. Re2 a4 39. Qd8+ Kh7 40. Re8
Qd1 41. Rh8+ Kg6 42. Qe8+ Rf7 43. Qxc6+ Rf6 44. Qe8+ Rf7 45. Qe4+ Kh5 46. bxa4
g5 47. Rg8 1-0

[Event "TCh-TUR Super League 2015"]
[Site "Kocaeli TUR"]
[Date "2015.08.04"]
[Round "1.6"]
[Board "4"]
[White "Erdogdu, Mert"]
[Black "Arduman, Can"]
[Result "1-0"]
[WhiteTitle "IM"]
[BlackTitle "IM"]
[WhiteElo "2419"]
[BlackElo "2328"]
[WhiteTeam "Deniz Su Aquamatch Satranc Genclik Ve Sports Club"]
[BlackTeam "T.S Alyans Satranc Sports Club"]
[WhiteFideId "6301495"]
[BlackFideId "6300022"]
[EventDate "2015.08.04"]

1. e4 e5 2. Nf3 Nc6 3. Bc4 Nf6 4. d3 Be7 5. O-O O-O 6. Re1 d6 7. a4 Kh8 8. Nc3
Bg4 9. h3 Bh5 10. Be3 Nd4 11. Bxd4 exd4 12. Nd5 Nxd5 13. Bxd5 c6 14. Bb3 Bf6 15.
a5 Qd7 16. Kh1 Bxf3 17. Qxf3 Be5 18. Qg4 f5 19. exf5 Qxf5 20. Re2 h5 21. Qxf5
Rxf5 22. h4 Raf8 23. Kg1 g5 24. hxg5 Rxg5 25. Be6 Bf6 26. a6 b6 27. Bd7 c5 28.
f4 Rg7 29. Bh3 Bh4 30. Rf1 Bg3 31. f5 Be5 32. Re4 Rh7 33. Rf3 Kg7 34. Kf1 Kf6
35. Re1 Rg7 36. Ke2 Re7 37. Kd1 h4 38. Re4 Bg3 39. Re6+ Kf7 40. Ke2 Rg8 1-0

[Event "TCh-TUR Super League 2015"]
[Site "Kocaeli TUR"]
[Date "2015.08.04"]
[Round "1.6"]
[Board "6"]
[White "Sanal, Vahap"]
[Black "Koksal, Ege"]
[Result "1-0"]
[WhiteTitle "IM"]
[BlackTitle "FM"]
[WhiteElo "2510"]
[BlackElo "2347"]
[WhiteTeam "Deniz Su Aquamatch Satranc Genclik Ve Sports Club"]
[BlackTeam "T.S Alyans Satranc Sports Club"]
[WhiteFideId "6300545"]
[BlackFideId "6317626"]
[EventDate "2015.08.04"]

1. c4 Nf6 2. Nf3 c6 3. b3 d5 4. Bb2 Bg4 5. e3 Nbd7 6. Be2 e6 7. Nc3 Bd6 8. h3
Bh5 9. g4 Bg6 10. Nh4 O-O 11. Nxg6 hxg6 12. h4 Qe7 13. g5 Ne8 14. Qc2 Ba3 15.
Bxa3 Qxa3 16. h5 gxh5 17. Bxh5 g6 18. Bxg6 fxg6 19. Qxg6+ Ng7 20. Rh7 Qe7 21.
Qh6 Ne5 22. f4 Ng4 23. Qh3 Ne5 24. fxe5 Qxg5 25. O-O-O Kf7 26. Qh2 Rg8 27. Rf1+
Ke8 28. Rg1 Qe7 29. Rhxg7 1-0

[Event "TCh-TUR Super League 2015"]
[Site "Kocaeli TUR"]
[Date "2015.08.04"]
[Round "1.6"]
[Board "7"]
[White "Dedebas, Emre Emin"]
[Black "Tuncer, Tuna"]
[Result "1/2-1/2"]
[WhiteElo "1975"]
[BlackElo "2175"]
[WhiteTeam "T.S Alyans Satranc Sports Club"]
[BlackTeam "Deniz Su Aquamatch Satranc Genclik Ve Sports Club"]
[WhiteFideId "6349005"]
[BlackFideId "6349269"]
[EventDate "2015.08.04"]

1. d4 Nf6 2. c4 g6 3. Nc3 d5 4. cxd5 Nxd5 5. Bd2 Bg7 6. e4 Nxc3 7. Bxc3 O-O 8.
Qd2 c5 9. d5 e6 10. Bc4 Bxc3 11. bxc3 exd5 12. Bxd5 Nd7 13. Nf3 Nb6 14. O-O Bg4
15. Ne5 Be6 16. c4 Qe7 17. Qc3 Rae8 18. Rae1 Qd6 19. Nf3 Qf4 20. g3 Qg4 21. Ne5
Qh5 22. Bxe6 Rxe6 23. Nd3 Rd6 24. Nf4 Qg4 25. Nd5 Nxd5 26. cxd5 Rc8 27. Qc4 Qd7
28. Rb1 b6 29. Rfd1 Rd8 30. Rb3 Re8 31. Re3 f6 32. Rde1 Qf7 33. Qc3 Rd7 34. a4
f5 35. exf5 Rxe3 36. Qxe3 Rxd5 37. fxg6 hxg6 38. a5 bxa5 39. Rb1 Kh7 40. Qe4 Qd7
41. Rb8 1/2-1/2

[Event "TCh-TUR Super League 2015"]
[Site "Kocaeli TUR"]
[Date "2015.08.04"]
[Round "1.6"]
[Board "8"]
[White "Menzi, Nezihe Ezgi"]
[Black "Ozbay, Ece"]
[Result "0-1"]
[WhiteTitle "WFM"]
[BlackTitle "WCM"]
[WhiteElo "1913"]
[BlackElo "1804"]
[WhiteTeam "Deniz Su Aquamatch Satranc Genclik Ve Sports Club"]
[BlackTeam "T.S Alyans Satranc Sports Club"]
[WhiteFideId "6310060"]
[BlackFideId "6351743"]
[EventDate "2015.08.04"]

1. e4 c5 2. Nf3 Nc6 3. Bb5 g6 4. Bxc6 dxc6 5. d3 Bg7 6. Nc3 Nf6 7. h3 O-O 8. Be3
b6 9. Qd2 e5 10. Bh6 Qd6 11. Nh2 a5 12. f3 Nh5 13. Ne2 Qe7 14. O-O-O f6 15. g4
Bxh6 16. Qxh6 Ng7 17. h4 Be6 18. Kb1 b5 19. f4 Qf7 20. a3 exf4 21. Nxf4 a4 22.
Rdf1 b4 23. Ka1 bxa3 24. bxa3 Rab8 25. h5 g5 26. Ng6 Qd7 27. Nf3 Rfe8 28. Rhg1
c4 29. d4 Qd6 30. Ka2 c3+ 0-1

[Event "TCh-TUR Super League 2015"]
[Site "Kocaeli TUR"]
[Date "2015.08.04"]
[Round "1.7"]
[Board "1"]
[White "Volkov, Sergey"]
[Black "Yilmaz, Mustafa"]
[Result "0-1"]
[WhiteTitle "GM"]
[BlackTitle "GM"]
[WhiteElo "2589"]
[BlackElo "2582"]
[WhiteTeam "Kocaeli Buyuksehir Belediyesi Kagit Sports Club"]
[BlackTeam "Hatay Buyuksehir Belediyesi Genclik Sports Club"]
[WhiteFideId "4122763"]
[BlackFideId "6302718"]
[EventDate "2015.08.04"]

1. d4 d5 2. c4 c6 3. Nc3 Nf6 4. e3 a6 5. Nf3 Bf5 6. Qb3 b5 7. c5 a5 8. Ne5 a4 9.
Qd1 g6 10. g4 Be6 11. Bg2 Bg7 12. f4 Qc8 13. h3 h5 14. g5 Nfd7 15. Nf3 Bf5 16.
Nh4 e6 17. e4 dxe4 18. Nxe4 Bxe4 19. Bxe4 Na6 20. a3 Qb7 21. Qf3 Ndb8 22. Be3
Nc7 23. Bxg6 fxg6 24. Nxg6 Rg8 25. Qxh5 Nd5 26. Ne5+ Kd8 27. Nf7+ Kc7 28. Nd6
Qa6 29. Ne8+ Rxe8 30. Qxe8 Nxe3 31. Qxe6 Nc2+ 32. Kd1 Nxa1 33. Qd6+ Kb7 34. Qe7+
Kc8 35. Qxg7 Nd7 36. Re1 b4 37. Qg6 Kb7 38. d5 Rd8 39. axb4 Nf8 40. Qg7+ Rd7 41.
Qc3 Rxd5+ 42. Kc1 Nb3+ 43. Kb1 Rd3 44. Qg7+ Nd7 45. b5 Qxb5 46. g6 a3 0-1

[Event "TCh-TUR Super League 2015"]
[Site "Kocaeli TUR"]
[Date "2015.08.04"]
[Round "1.7"]
[Board "2"]
[White "Amonatov, Farrukh"]
[Black "Ari, Zeki"]
[Result "1-0"]
[WhiteTitle "GM"]
[BlackTitle "FM"]
[WhiteElo "2592"]
[BlackElo "2192"]
[WhiteTeam "Hatay Buyuksehir Belediyesi Genclik Sports Club"]
[BlackTeam "Kocaeli Buyuksehir Belediyesi Kagit Sports Club"]
[WhiteFideId "14700077"]
[BlackFideId "6300421"]
[EventDate "2015.08.04"]

1. e4 c5 2. Nf3 e6 3. d4 cxd4 4. Nxd4 Nc6 5. Nc3 a6 6. Nxc6 bxc6 7. Bd3 Qc7 8.
O-O Nf6 9. Qe2 e5 10. f4 Bd6 11. Kh1 O-O 12. f5 Be7 13. g4 h6 14. g5 hxg5 15.
Bxg5 d5 16. Qg2 Rd8 17. Rg1 Kf8 18. Qh3 Bb7 19. Qh8+ Ng8 20. f6 Bxf6 21. Bxf6
gxf6 22. Rg7 1-0